LEADER 02374nam a2200373 4500 001 000000355218 003 CaOOAMICUS 005 20230831122241.0 008 230831s1636 it a 000 u lat r 026 $epsA- m-n- M?IS MIAD (3) 1636 (A) 040 $aSeMil$bita 100 11$aBoldoni, Ottavio,$d.$0(OLS)http://semarc/name/118193 245 10$aTheatrum temporaneum aeternitati Caesaris Montij S.R.E. cardinalis et archiep. Mediolanen. sacro Octauio Boldonio clerico regulari S. Pauli auctore Mediolani, in templo S. Alexandri excitatum mense Augusto, anno 1635. 246 0 $iTit. dell'occhietto$aTheatrum Boldonii Caesari Montio Cardinali sacrum 264 1$aMediolani :$bApud Haer. q. Pacifici Pontij, Typis archiepisc.,$c1636. 300 $a[28], 183, [3] p. :$bill. calcogr. ;$c4° 500 $aVignetta calcogr. con ritratto di Cesare Monti in ovale sul front. 500 $aQuasi tutte le ill. incise da Giovanni Paolo Bianchi 500 $a1 c. di tav. sottoscritta: Ric.us Taurinus delineauit 500 $aLe carte aggiunte contengono sul recto illustrazione calcografica a piena pagina 500 $aSegn.: a? b? A-O? Pē 500 $aIll. calcogr. anche infratestuali 700 1 $aBianchi, Giovanni Paolo .$0(OLS)http://semarc/name/82784 700 1 $aTaurino, Riccardo,$c.$0(OLS)http://semarc/name/118194 700 1 $aMonti, Cesare,$c,$ededicatario.$0(OLS)http://semarc/name/20020 710 0 $aDa Ponte, Pacifico eredi$c.$0(OLS)http://semarc/name/82815 850 $aSeMil 852 $aSeMil$W1$xVenegono$y1$m3XH VI 3 FA$j243300$B246496$CSeMilBibl$Z2$F246496 $8I 856 42$uhttp://books.google.it/books?id=kZWDTgJCsp0C&printsec=frontcover&hl=it&source=gbs_ge_summary_r&cad=0#v=onepage&q&f=false 941 1 $a10 996 $6245$aTheatrum temporaneum aeternitati Caesaris Montij S.R.E. cardinalis et archiep. Mediolanen. sacro Octauio Boldonio clerico regulari S. Pauli auctore Mediolani, in templo S. Alexandri excitatum mense Augusto, anno 1635$9(OLS)http://semarc/title/445400 996 $6246$aTheatrum Boldonii Caesari Montio Cardinali sacrum$9(OLS)http://semarc/title/445401 996 $6264$aMediolani :$bApud Haer. q. Pacifici Pontij, Typis archiepisc.$9(OLS)http://semarc/publisher/61220 LEADER 01071nam a2200253 i 4500 001 000000055839 003 CaOOAMICUS 005 20231006111859.0 008 120424s1893 fr u000 u fre u 040 $aSeMil$bita 100 1 $aBonnefon, Paul <1861-1922>.$0(OLS)http://semarc/name/28130 245 10$aMontaigne :$bl'homme et l'oeuvre /$cPaul Bonnefon. 264 1$aParis :$bJ. Rouam et C. ;$aBordeaux :$bG. Gounouilhou,$c1893. 300 $aXIII, 502 p., [1] c. di tav. :$britr., ill. ;$c25 cm. 500 $aIn custodia. - Fondo Ciprandi. 600 14$aMontaigne, Michel : de <1533-1592>.$0(OLS)http://semarc/subject/3887 850 $aSeMil 852 $aSeMil$W1$xVenegono$y1$m1V VII 14 FA$j21993$B21993$CSeMilBibl$Z2$F21995 $8I 941 1 $a1 961 $aOmaggio: Ciprandi dott. Paolo 996 $6245$aMontaigne :$bl'homme et l'oeuvre$9(OLS)http://semarc/title/86702 996 $6264$aParis :$bJ. Rouam et C.$9(OLS)http://semarc/publisher/41778 996 $6264$aBordeaux :$bG. Gounouilhou$9(OLS)http://semarc/publisher/41777